000 00357nam a2200133Ia 4500
008 151001s9999||||xx |||||||||||||| ||und||
100 _aश्यामसुंदर घोष
245 _aसदि पार कर नई सदि में
250 _a1
260 _bमीरा
260 _c2005
300 _a136
365 _b21
999 _c992814
_d992811